A bela adormecida (Registo nº 4030)

Detalhes MARC
000 -Etiqueta do registo
Cabeçalho 00718nam0a2200241 4500
005 - Identificador da versão
Campo de controlo 20240813122051.0
010 ## - Número internacional normalizado dos livros (ISBN)
Número (ISBN) 9722600044
100 ## - Dados gerais de processamento
Dados gerais de processamento 20161124d1979 a y0pory5003 ba
102 ## - Pais de publicação ou produção
País de publicação Portugal
101 1# - Língua de publicação
Língua do texto, banda sonora, etc. Português
Língua do documento no original Francês
215 ## - Descrição física 
Indicação específica da natureza do documento e extensão da espécie 20 p.
Outras indicações físicas il. color
200 1# - Titulo e menção de responsabilidade
Título próprio A bela adormecida
Primeira menção de responsabilidade Charles Perrault
Outras menções de responsabilidade adaptação livre de Eileen
225 1# - Colecção 
Título próprio da colecção As crianças e a fábula
Indicação de volume 5
210 ## - Publicação, Distribuição, etc. 
Lugar da edição, distribuição, etc. [S. l.]
Nome do editor, distribuidor, etc. Civilização
Data da publicação, distribuição, etc. cop. 1979
Data da impressão imp. 1996
606 ## - Nome comum usado como assunto
Número de registo de entrada de autoridade 0001419
Palavra de ordem Literatura francesa
Subdivisão de assunto Conto
Código do sistema CA
675 ## - Classificação Decimal Universal (CDU)
Notação 821.133.1-34
Edição 3ª ed.
Língua da edição por
702 #0 - Nome de autor-pessoa física (responsabilidade secundária)
Número de registo de entrada de autoridade 0000517
Palavra de ordem Eileen
Código de função Adaptador
700 #1 - Nome de autor-pessoa física (responsabilidade principal)
Número de registo de entrada de autoridade 0001420
Palavra de ordem Perrault
Outra parte do nome não tomada para palavra de ordem Charles
Datas 1628-1703
966 ## - Identificação da Biblioteca
Sigla EBVEN
942 ## - Elementos de entrada adicionados (Koha)
Tipo de item no Koha Livro
Exemplares
Situação do levantamento Origin of item (home branch) (coded) Biblioteca de empréstimo Código de barras Cota Circulation type (not for loan) Tipo de documento Nota do exemplar Damaged status
  Biblioteca Escolar das Vendas Biblioteca Escolar das Vendas BEV10 8EST BEL   Livro Sem mensagem